Plásticos modernos / (Record no. 30002)

MARC details
000 -LEADER
campo de control de longitud fija 00941nam a2200241 i 4500
001 - NÚMERO DE CONTROL
campo de control 30002
003 - IDENTIFICADOR DE NÚMERO DE CONTROL
campo de control ES-MaACL
005 - FECHA Y HORA DE LA ÚLTIMA TRANSACCIÓN
campo de control 20250403063100.0
007 - CAMPO FIJO DE DESCRIPCIÓN FÍSICA--INFORMACIÓN GENERAL
campo de control de longitud fija t|
008 - DATOS DE LONGITUD FIJA--INFORMACIÓN GENERAL
campo de control de longitud fija 030123s1952 sp a |||| | spa d
100 1# - ENTRADA PRINCIPAL--NOMBRE DE PERSONA
Nombre de persona Barron, Harry.
9 (RLIN) 26042
245 10 - MENCIÓN DEL TÍTULO
Título Plásticos modernos /
Mención de responsabilidad, etc. Harry Barron ; versión de la 2ª edición inglesa por Luis Graupera Castañé.
260 ## - PUBLICACIÓN, DISTRIBUCIÓN, ETC.
Lugar de publicación, distribución, etc. Barcelona :
Nombre del editor, distribuidor, etc. Gustavo Gili,
Fecha de publicación, distribución, etc. 1952 (
Fabricante Imp. Casa Provicial de Caridad)
300 ## - DESCRIPCIÓN FÍSICA
Extensión 238 p. :
Otras características físicas il. ;
Dimensiones 24 cm.
510 ## - NOTA DE CITAS O REFERENCIAS BIBLIOGRÁFICAS
Nombre de la fuente CCPB,
Localización dentro de la fuente 001025997-X
650 #4 - PUNTO DE ACCESO ADICIONAL DE MATERIA--TÉRMINO DE MATERIA
Término de materia o nombre geográfico como elemento de entrada Plásticos.
9 (RLIN) 144551
700 1# - ENTRADA AGREGADA--NOMBRE PERSONAL
Nombre de persona Graupera Castañé, Luis.
9 (RLIN) 59767
852 ## - LOCALIZACIÓN
Ubicación ES-MaACL
Número de control de estantería D-6431
Sublocalización o colección R. 32524
-- R.M. 6027
Ubicación en estantería Sala Valle Inclán
Marcas de propiedad Sello en tinta azul de la Biblioteca del Ateneo de Madrid
itemnumber 31134
942 ## - ELEMENTOS DE ENTRADA SECUNDARIOS (KOHA)
Fuente del sistema de clasificación o colocación Clasificación decimal universal
Tipo de ítem Koha Libro impreso
Holdings
Estatus retirado Estado de pérdida Estado de daño No para préstamo Biblioteca de origen Biblioteca actual Ubicación en estantería Fecha de adquisición Fuente de adquisición Total de préstamos Signatura topográfica completa Código de barras Visto por última vez Precio de reemplazo Tipo de ítem Koha
        Biblioteca del Ateneo de Madrid Biblioteca del Ateneo de Madrid Sala Valle Inclán 17/01/2008     D-6431 901030974 23/02/2023 23/02/2023 Libro impreso